000 00247nam a2200109Ia 4500
008 240521s1997 xx 000 0 und d
041 _aeng
100 _aNAIR.A.
245 _aTHE BETTER MAN
260 _bPENGUIN BOOKS LTD
_c1997
300 _a361
999 _c1160902
_d1160902